[Event "Maia Chess Open 2023"]
[Site "Porto"]
[Date "2023.09.02"]
[Round "9.8"]
[White "Ivanov, Mike"]
[Black "Nijboer, Friso"]
[Result "0-1"]
[Annotator "Mike Ivanov"]
[WhiteElo "2339"]
[BlackElo "2463"]
[WhiteFideId "-1"]
[BlackFideId "-1"]
[PlyCount "98"]
[GameId "2268537441444102"]
[EventDate "2023.??.??"]
[EventCountry "POR"]
[SourceTitle "Chess Canada 25"]
[Source "JohnUpper?CFC"]
[SourceDate "2025.06.29"]
[SourceVersion "1"]
[SourceVersionDate "2026.07.01"]
[SourceQuality "1"]

{This was the last round of the 2023 Maia Open, a great tournament in Porto, Portugal. I was also having a great tournament, drawing 3 GMs and staying undefeated till this point. A win would most likely get me another IM norm, while a draw would get some prize money.} 1. e4 c5 2. Nc3 {It may not seem like it, but this is my way of playing for the win. Friso is an experienced GM who's a fan of sharp chess. My job was to find a move order he would find uncomfortable, where I could attack without too much risk.} Nc6 3. Nge2 {3.g3 allows ...g6 which I was hoping to steer him away from. This move order still threatens d4, which players at his high level ssume will be played.} e6 (3... e5 4. Nd5 $14) 4. g3 Nf6 5. Bg2 {[#]} d6 (5... d5 {Fischer-Spassky 1992 had a bunch of games along these lines, so I would be comfortable with these structures.} 6. exd5 exd5 7. d4 cxd4 8. Nxd4 Bg4 9. Nde2 Bb4 10. h3 Bxc3+ 11. bxc3 Bf5 12. Rb1 {is slightly more pleasant for White.}) 6. O-O Bd7 7. f4 {Angling for a Closed Sicilian now. Black's plan here is less obvious than in the fianchetto setups.} Qb6 ({Perhaps} 7... h5 $5 {should be played, restraining further g4s and hoping for h4, ...hxg at the right point. With no central breaks, White also finds it hard to make progress.}) 8. d3 Be7 (8... h5 $5) 9. h3 {...g4 has to be stopped.} h5 10. Be3 {[#]} {I could see he was uncomfortable here, not quite knowing what structure to go for. The opening can be considered a success, but conversion is key...} e5 (10... d5 $1 11. e5 (11. exd5 exd5 $8 $15 12. Nxd5 $2 Nxd5 13. Bxd5 Bxh3 $19) 11... d4 12. exf6 Bxf6 13. Bf2 dxc3 14. bxc3 Qa5 $11) 11. Rb1 {Trying to make use of the awkward black queen. In general, e5, c5, and b6 don't go well together.} Nd4 {[#]Critical Position Should White go b4, h2, or something else?} 12. Qd2 {Playing too much on zombie mode. White should have smelled a rat.} ({editor -} 12. Kh2 $2 {gives Black a chance to grab the initiative with} h4 13. g4 Bxg4 $1 $15) (12. b4 $1 {It's a real shame not finding this chance, presented on a silver platter.} cxb4 (12... O-O 13. Kh2 {Black can't really do much!} Rac8 14. bxc5 Qxc5 15. Rxb7 Rc7 16. Rxc7 Qxc7 17. Qd2 $16) 13. Nxd4 exd4 14. Bf2 $8 $16 {is what I missed, maybe because the geometry is unusual. Black's pawns will fall one by one and White is already much better.}) 12... a5 13. Nd1 Bc6 {[#]} 14. Nc1 {Typical Closed Sicilian theme, but here it provokes a crisis and lets Black get the activity he wants. The simpler c3! would have kept the initiative on our side.} (14. c3 $142 Nxe2+ 15. Qxe2 Qc7 (15... O-O 16. c4 {The battle between d5/d4 outposts is clearly in our favour, white is much better.}) 16. fxe5 dxe5 17. c4 O-O {Now Black has a lot of weak pawns and squares to protect.} 18. Nc3 Rad8 19. Nd5 Bxd5 20. cxd5 b6 21. Rbc1 g6 22. d4 $1 $16) 14... h4 {Black has to go forward, otherwise white's pawn armada will simply squeeze them off the board.} (14... O-O 15. c3 Ne6 16. f5 Nc7 17. c4 $16) 15. g4 exf4 16. Rxf4 (16. Bxf4 {slightly more precise. The e3 square is needed for the knight.}) {[#]} 16... d5 {Now the play becomes both sharp and principled. Both sides ore obliged into uncompromising moves.} (16... O-O 17. g5 Nd7 18. Rxh4 Ne5 {We both underestimated this for black}) 17. Rxf6 $1 {Has to be done, otherwise our pieces are too late to the fight.} gxf6 (17... Bxf6 $5 18. exd5 Ba4 19. b3 Bd7 20. c3 Nb5 21. a4 Nd6 22. Nf2 $11 {I'd prefer White, but both sides have equal chances.}) 18. exd5 Bd7 19. c3 {[#]} f5 $5 {This guy clearly likes to have fun. Perhaps the concept isn't fully sound (only Caissa knows), but my king is worried for the first time this game.} (19... Nb5 20. a4 Nd6 21. b4 axb4 22. cxb4 Rxa4 23. Nb3 Rxb4 24. Bxc5 Rxb3 25. Bxb6 Rxb1 26. Bc5 {Another imbalanced equality that could have happened.}) 20. cxd4 {We have to take up the challenge, for good or ill.} cxd4 21. Bf2 fxg4 {[#]} 22. Nb3 $2 {I should have smelled that the white king needs another defender, and the white knight doesn't belong here.} (22. Ne2 Rg8 23. Bxd4 Qg6 24. Nf4 Qh6 25. Be3 gxh3 26. Nxh3 Qf6 27. Ndf2 {The smoke has cleared and white has two knights for a rook. Our king isn't the safest, but we shouldn't get mated at least.}) 22... Qg6 23. Bxd4 (23. Kh1 {Prophylaxis helps here!} gxh3 24. Bf3 Bg4 {Black has to keep producing threats.} 25. Qf4 Bxf3+ 26. Qxf3 Rg8 27. Qxh3 {With dynamic equality.} Qg5 28. Nxd4 Qxd5+ 29. Qf3 $8 (29. Nf3 $4 Rg3 $19) 29... Qxf3+ 30. Nxf3) 23... Rg8 24. Kh1 gxh3 25. Be4 Bf5 26. Nc3 {I've restored some coordination, but the kingside is still precarious.} Qg3 {Threatening ...f3 after the bishops are traded. [#] Critical Position Time for an only defensive move!} 27. Qe2 $2 {My calculation wasn't up to the task this game. I spent quite some time here, but everything looked scary... or maybe that was just my fear of Friso!} (27. Qh2 $2 Bxe4+ 28. Nxe4 Qf3+ {#1}) (27. Rg1 $2 Bxe4+ 28. Nxe4 Qf3+ 29. Kh2 Rxg1 $8 30. Bxg1 f5 $8 $19 31. d6 fxe4 32. dxe7 Qg3+ 33. Kh1 exd3 34. Qf2 Qxf2 35. Bxf2 Rc8 {and this endgame should be winning; too many scary black pawns.}) (27. Rf1 $2 Bxe4+ $8 28. Nxe4 Qg2+ $8 $19) (27. Qf2 $8 {Covering all key squares, and going into much more acceptable endgames.} Bxe4+ 28. dxe4 Qg2+ 29. Qxg2 hxg2+ 30. Kh2 a4 31. Nd2 Bg5 32. Nc4 $1 (32. Nf3 Bf4+ 33. Kg1 h3 {White is struggling}) 32... Bf4+ 33. Kh3 $1 {The king must walk a tightrope, but he can survive.} Rg3+ 34. Kxh4 Ra6 35. d6 $8 {Somehow White is hanging on!  Would I have found it?  Probably not...}) 27... Bg4 28. Qe3 f5 $1 {This is the problem. Not sure what I hallucinated, now White is doomed.} 29. Rg1 Qxe3 30. Bxe3 fxe4 31. dxe4 Bf3+ 32. Kh2 Rxg1 33. Bxg1 Bg2 34. Bd4 {[#]} Bg5 (34... O-O-O {With the rook coming to f8-f1-h1, White can resign with a clear conscience.} 35. Nc5 Rf8 36. Nd3 Rf1 37. Nf2 Bd6+ 38. e5 Bxe5+ 39. Bxe5 Rxf2 $19) 35. Be5 Kf7 {I'm always a hair's length away from mate, while the knights aren't as pretty as they seem. If only those e4/d5 pawns were a little further...} 36. Nd4 Bc1 37. Nf5 Bxb2 38. a4 b6 $6 {[#] Here you can see the effect of time trouble as Friso had to make three moves to reach time control. Sadly, even fourth-rate moves are good enough to win here.} 39. Bd4 {Hoping for something like ...xc3, xc3 xe4?, d6+!  Hope springs eternal.} Rd8 40. Nb5 Bxd4 {Despite having seconds left to reach move 40, Friso manages to not blunder into any knight tricks, after which the pawns are doomed. If White could hold both pawns, it would be another story.} 41. Nfxd4 Bxe4 42. d6 Bd3 43. Kxh3 Bxb5 44. Nxb5 Ke6 45. Kxh4 {[#] My chess friends like to make fun of me for playing severely down on material. Nonetheless, I think a strong player should have boundless optimism about saving pretty much any position. If you play something like this a hundred times, one time a miracle will happen.  Just not this time :(} Rxd6 46. Kg4 Rd1 47. Kf3 Ra1 48. Nd4+ Kd5 49. Nb5 Kc5 $1 ({Never too late to mess up!} 49... Rxa4 $4 50. Nc3+ $11 Kc4 51. Nxa4 b5 52. Ke3 $8 Kb4 (52... bxa4 53. Kd2 Kb3 54. Kc1 Ka2 55. Kc2 $11 {traps the black , which blocks the pawns.}) 53. Nb6 $8 Kc3 54. Nd5+ $8 Kc4 55. Nc7 b4 56. Kd2 Kb3 57. Kc1 Ka2 58. Nb5 b3 59. Nc3+ Ka1 60. Na4 $11 {And so, all good things come to an end, including my hopes for this tournament. It hurt, especially since it's hard to come back down to earth after a streak of good results. No money, no norm, but at least a feeling that the game quality was good, and many ideas were tested. As a silver lining, Friso was kind enough to buy me a drink after and analyze the game together, where we found some of the ways I could survive Black's attack.   This type of loss was instrumental to figuring out what was still needed: better calculation in critical moments, not fearing ghosts, and keeping the initiative going!}) 0-1

[Event "6th San Cristobal Open A"]
[Site "Tenerife"]
[Date "2024.08.24"]
[Round "1.19"]
[White "Ivanov, Mike"]
[Black "Diaz Reyes, Kyllian"]
[Result "1-0"]
[Annotator "Mike Ivanov"]
[WhiteElo "2364"]
[BlackElo "2012"]
[WhiteFideId "-1"]
[BlackFideId "-1"]
[PlyCount "50"]
[GameId "2263746691160922"]
[EventDate "2024.??.??"]
[EventType "swiss"]
[EventRounds "9"]
[EventCountry "ESP"]
[SourceTitle "Chess Canada 25"]
[Source "JohnUpper?CFC"]
[SourceDate "2025.06.29"]
[SourceVersion "1"]
[SourceVersionDate "2026.07.01"]
[SourceQuality "1"]

{I had arrived to the tournament the day before the first round, and realized to my dismay that the Airbnb I was staying at was an hour by tram from the playing hall. One wrong letter in the address made all the difference...I decided to turn this into a positive by spending every commuting minute on calculation and openings. The calculation part worked wonders, while the first round opening wasn't as inspiring... ... Before the round started, there was confusion about the pairings, and I first shook hands with the wrong kid. Thankfully, the right one came along before I could start showing my opening prep.} 1. Nf3 d5 2. g3 Nf6 3. Bg2 c5 4. O-O Nc6 5. d4 {[#] Hoping for a reversed Gruenfeld. The f3+g3 repertoire usually works well against kids, who don't get as much practice here as they do against e4/d4.} Bf5 {I knew this, along with ...g4, was not supposed to be good.... yet I couldn't remember why for the life of me, and had to spend half an hour on figuring out why.} 6. c4 e6 7. cxd5 {[#]} Nxd5 (7... exd5 {These positions are all pleasant for white, as the bishop on f5 doesn't belong there in the isolated pawn structures.} 8. Bg5 Be7 (8... c4 9. b3 $14) 9. dxc5 Bxc5 (9... O-O 10. e3 Bxc5 11. Nc3 Be7 12. Nd4 Nxd4 13. Qxd4 Be6 {The bishop realizes where his home should have been.} 14. Rfd1 $16) 10. Bxf6 gxf6 {Super ugly for black.} (10... Qxf6 11. Qxd5 {Pawn up for very little in return.})) 8. Nc3 {Not a precise punishment. Now black gets a playable position.} (8. Ne5 $1 {Very often in the Reti, e5 going for these double e-pawns is incredibly strong. Including here.} Nxe5 9. dxe5 Bxb1 10. Rxb1 Qd7 $14) 8... Nxc3 9. bxc3 Be4 $1 {Practically equalizing.} 10. Qb3 {[#] Trying to pose some problems, now that my dragon bishop has been neutralized.} cxd4 (10... Na5 $5 11. Qb5+ Bc6 12. Qd3 Be7 13. e4 O-O {Black should be fine, despite the a5 knight.}) 11. Nxd4 (11. Qxb7 $5 {For some reason, I didn't take this seriously. The queen is feeling just fine, and black's light-squares are becoming suspect.} Rb8 12. Qa6 dxc3 13. Qc4 Bd5 14. Qxc3 Be7 15. Bf4 Bf6 16. Qc5 Bxa1 17. Bxb8 Bf6 18. Bf4 {Where white is slightly more pleasant but a drawish endgame should come soon.}) 11... Bxg2 12. Kxg2 {[#]} Qd5+ {Inaccurate. Now both sides have an isolani, but white is more ready to use the weaknesses.} (12... Qc7 13. Nb5 Qc8 14. Ba3 $14) (12... Nxd4 13. cxd4 Qd5+ 14. Qxd5 exd5 15. Bf4 $14) (12... Qb6 {Probably the best way to trade queens. The endgame is harmless.} 13. Qa4 (13. Qxb6 axb6 14. Nb5 O-O-O) 13... Qa5 (13... Bc5 14. Nb3 Be7 15. Be3 Qc7 16. Nd4 Qa5 17. Qxa5 Nxa5 18. Nb5 O-O 19. Bxa7 Nc4 $14) 14. Qxa5 (14. Qc4 Qc5 15. Qb3 Qb6 {Would be a funny repetition.}) 14... Nxa5 15. Nb5 Rd8 $1 16. Nxa7 Bc5 17. Nb5 Ke7 {This endgame will be very hard to win, considering black's activity.}) 13. Qxd5 exd5 14. Rb1 (14. Be3 $1) 14... O-O-O {I assumed this must be good for White, but it's a fleeting edge. If black can get d6, d7, and a5-c4 in, they will have consolidated.} 15. Be3 {[#]} Na5 $2 (15... a6 $4 16. Nxc6 bxc6 17. Rb6 $16) (15... Rd7 {After this, I couldn't see any concrete way to use my development, and thought I may have to start squeezing black's weaknesses after Nxc6. Thankfully my opponent had other ambitions.} 16. Nxc6 bxc6 17. Rb3 (17. c4 d4 18. Bf4 Bd6 19. Bxd6 Rxd6 20. Rb3 Re8 {This is a little too close to a drawn rook endgame for my liking.}) 17... Rb7 (17... Bd6 {I expected this to happen, where I'm enjoying the b-file but black is one rook trade away from objectively holding a draw.}) 18. Rxb7 Kxb7 19. Rb1+ Ka8) 16. Nb5 {I'm not really sure what my opponent missed, perhaps he was just too entranced by that c4 outpost.} a6 $2 {Mistakes rarely come alone. Perhaps Kyllian was counting on a7+ when things aren't so clear.} 17. Bb6 $1 {The only way to get a cleanly winning endgame.} (17. Na7+ Kb8 18. Bb6 Rd6 19. Bxa5 Kxa7 $14 {with healthier pawns than in the game.}) 17... axb5 {[#]} 18. Bxa5 (18. Bxd8 Kxd8 19. Rxb5 b6 20. Rxb6 Kc7 21. Ra6 {should also be winning, but why complicate when life is already good?}) 18... Re8 19. e3 b4 20. cxb4 ({The computer has no biases towards taking free pawns; it goes:} 20. Rfd1 {Now Black's king is really precarious.} bxc3 21. Bxc3 Rd8 22. Rdc1 $18) 20... Bd6 21. Rfd1 Kd7 22. Rxd5 b6 {[#]} 23. Rbd1 (23. Bxb6 Kc6 24. Rbd1 Bxb4 25. Bd8 {Is an interesting way to attack too. The game was just simpler.}) 23... bxa5 24. Rxd6+ {Black's biggest problem isn't the plethora of missing pawns, but the contrast in rook activity plus king safety.} Ke7 25. Rd7+ Ke6 {Black resigned. Sometimes, lengthy thinks in such positions are a good encouragement for your opponent to get it over with, time permitting.   In the first round, you're still trying to feel the strength of your opponents and get into rhythm. This game showed that I was in good shape and didn't need to rely solely on opening advantages.} 1-0

[Event "6th San Cristobal Open A"]
[Site "Tenerife"]
[Date "2024.08.25"]
[Round "2.19"]
[White "Kumar, Sanjit S"]
[Black "Ivanov, Mike"]
[Result "0-1"]
[Annotator "Mike Ivanov"]
[WhiteElo "1908"]
[BlackElo "2364"]
[WhiteFideId "-1"]
[BlackFideId "-1"]
[PlyCount "60"]
[GameId "2263746692410214"]
[EventDate "2024.??.??"]
[EventType "swiss"]
[EventRounds "9"]
[EventCountry "ESP"]
[SourceTitle "Chess Canada 25"]
[Source "JohnUpper?CFC"]
[SourceDate "2025.06.29"]
[SourceVersion "1"]
[SourceVersionDate "2026.07.01"]
[SourceQuality "1"]

{Going into round 2, you realize that the direction of your tournament rests on this game. A win will lead to playing up and fighting on the top boards, while a loss or a draw means you're stuck playing talented masters who are lower rated while you're not in your best form.} 1. d4 Nf6 2. c4 Nc6 {[#]  Knights' Tango When playing kids, one of the last advantages I can still claim is knowing more sidelines which they haven't learned to refute yet! The resulting strange structures may also confuse them. The Knights' Tango is good when playing for the win, as it's provocative and often leads to closed centers.} 3. Nc3 e5 4. d5 Ne7 5. e4 {Once upon a time, IM Justin Sarkar played 5. h4 against me and won, although not without adventures.} (5. h4 Nf5 6. Qd3 Nh6 7. Bg5 $14 {Sarkar - Ivanov, 2015.}) 5... Ng6 {This position is possible with colours reversed, where the h-push would also be a line.} 6. h4 h5 7. Bg5 {[#] To be honest, I was already out of book here and improvising, although the idea of g5-e2-g3-xh5 is standard.} Bc5 {I was lucky that this works, as ...e7 seemed really passive to me.} (7... Be7 8. g3 d6 9. Bxf6 Bxf6 10. Be2 Nf8 11. Bxh5 $16) 8. g3 (8. Be2 d6 9. Bxf6 Qxf6 {the attack on f2 saves the the black h-pawn.}) 8... d6 9. Bh3 Bxh3 10. Rxh3 $6 {The rook will be misplaced here.} (10. Nxh3 Nf8 11. O-O N8h7 12. Bd2 Bd4 13. Qe2 O-O $14) 10... Nf8 {The knight needs to find greener pastures.} 11. Qd2 N8d7 {[#] editor - No wonder kids get confused playing against the Tango: Black has played five of his eleven moves with this one  --- b8-c6-e7-g6-f8-d7 -- just to land on a square it could have reached in one move (!) -- and is somehow on the slightly better side of equality (!??!). The answer, I suppose, is that Black has caught up in development and White's extra space is not an advantage with two pairs of minors gone. If this was one of Morphy's 1.e4 e5 open games, then Black would already have been mated.} 12. O-O-O a6 {The position has stabilized for black and now I can use the c4 pawn as a hook for my attack.} 13. Kb1 b5 {[#]} 14. cxb5 $6 {Wrong treatment of the structure. Just like in the Saemisch King's Indian, White should allow Black to take on c4.} (14. f3 bxc4 15. Qe2 Nb6 16. Rh2 Rb8 17. Rg2 $15 {Black is dictating terms but there's no clear road to victory.}) 14... axb5 15. f3 (15. Nxb5 Qb8 16. Nc3 Qa7 17. Be3 Nxe4 18. Nxe4 Qxa2+ 19. Kc2 Rb8 20. Rb1 Qa4+ 21. Kd3 Rb3+ 22. Nc3 Bd4 23. Rc1 Nc5+ 24. Ke2 Qc4+ 25. Kd1 O-O 26. Nge2 Nd3 {I won't pretend to have seen this over the board, but it shows the dangers White has to contend with if he's greedy.}) 15... Qb8 $6 {Inaccuracy which I was kicking myself over during the game. After 15...b4 Black creates threats a lot sooner, and White can't set up a barricade.} (15... b4 16. Nce2 Ra6 17. Nc1 Qa8 18. Nge2 b3 $1 19. axb3 O-O 20. Rhh1 Rb8 $17) 16. b3 {[#]} Qb6 (16... b4 $5 17. Na4 Rxa4 $1 18. bxa4 b3 {I underestimated this during the game.} 19. Ne2 O-O 20. Ka1 bxa2 $17 21. Qxa2 $2 Qb4 {Black is already winning since the white pieces are too awkward to stop the onslaught of threats.}) 17. Nge2 O-O {It's finally time to castle, since the danger is gone and we need the second rook.} 18. Qd3 Ra5 {Starting to pile up. White's problem is that they're tied to passive defence with no real breakthrough on the kingside, hence no counterplay.} 19. Rh2 Rfa8 20. Rg2 Qa6 21. Nc1 Bd4 {[#] Making way for the knights to enter the party.} 22. Be3 $2 (22. Rc2 Nc5 23. Qe2 Nfd7 24. b4 $13 {This becomes a mess, but that's the best White can hope for at this point.}) 22... Nc5 {This knight is important first and foremost to take away the a4 square from their knight. With the blockade gone, their castle crumbles.} 23. Qd2 Bxe3 24. Qxe3 b4 25. Na4 Nxa4 26. bxa4 Rxa4 27. g4 {Too little, too late.} hxg4 28. fxg4 {[#]} b3 {Some moves have to be played by hand, and this is one of them. As Tal once told Kasparov, "Garri, first sacrifice, then think".} 29. Qxb3 (29. axb3 Ra1+ 30. Kc2 Ra2+ 31. Nxa2 Qxa2+ 32. Kc3 Qxg2 $19) (29. Nxb3 Rxa2 30. Rxa2 Qxa2+ 31. Kc1 Rb8 $19) 29... Nxe4 {The last attacker comes in to finish the show.} 30. g5 Ra3 {White resigned.   Overall a fairly clean game, with some attacking inaccuracies like ...b8. The hardest part was defusing h4 in the opening, as these positions can get bad really fast. With this win, I was ready to try more serious openings against more serious players.} 0-1